| 000 | 00938nam0a22002531 4500 | ||
|---|---|---|---|
| 001 | v19\rc\1901631 | ||
| 005 | 20251118180519.0 | ||
| 035 | _a(NLR Aleph) 004991771 | ||
| 090 |
_a6293642 _c6293642 |
||
| 100 | _a20080404d1911 u y0rusy50 ca | ||
| 101 | 0 | _arus | |
| 102 | _aRU | ||
| 105 | _ay z ||||| | ||
| 200 | 1 |
_aКак увеличить и укрепить женский бюст _eНовейшее руководство самостоятельно, без участия врача развить, увеличить и укрепить бюст в самое короткое время _fД-р Альб. Лори |
|
| 210 |
_aМосква _cизд. кн-во Авиатор _d1911 |
||
| 215 | _a64 с. | ||
| 700 | 1 |
_aЛори _bА. _gАльберт |
|
| 801 | 0 |
_aRU _bNLR _gpsbo |
|
| 801 | 0 |
_aRU _bRuMoRGB _2psbo |
|
| 801 | 1 |
_aRU _bProSoft-M _2rusmarc |
|
| 852 |
_aNLR _j18.275.5.399 |
||
| 899 | _aБАН | ||
| 942 | _cBOOK | ||
| 980 | _aNB | ||